000 01068nam a22002777a 4500
003 DO-SdBNP
005 20240313133010.0
008 171115b1997 sp ||| 00| 0 spa d
020 _a8482130536
040 _aBPMSU
_bspa
_cBPMSU
082 4 _a305.230946
_bP798g 1997
_222
092 _axxxx
_bxxxx
100 1 _aPons Prades, Eduardo,
_d1920-2007
245 1 0 _aLas guerras de los niños republicanos (1936-1995) /
_cEduardo Pons Prades ; prólogo de Eduardo Haro Tecglen ; epilogo de Paco Lobatón.
260 _aMadrid :
_bCompañía Literaria,
_c1997.
300 _a557 p. :
_bil. ;
_c21 cm.
500 _aIncluye referencias bibliográficas y notas al pie de las páginas
590 _aInventariado, 2024/VM
650 4 _aNiños y violencia
_zEspaña
_y1936-1995.
650 4 _aNiños y guerra
_zEspaña
_xRelatos personales
_y
651 4 _aEspaña
_xHistoria
_yGuerra civil, 1936-1939.
_e
700 1 _aHaro Tecglen, Eduardo,
_d1924-
_epról.
700 1 _aLobatón, Paco
_e epílogo
910 _aVMateo V. Control de calidad. BPMSU
942 _2ddc
_cBK
999 _c12899
_d12899